Memòria d'activitats generals i estadística : ... / Generalitat de Catalunya. Departament de Política Territorial i Obres Públiques. Direcció General de Transports ... / Generalitat de Catalunya. Departament de Política Territorial i Obres Públiques. Direcció General de Transports
Descripción Física:
30 cm
MARC
| LEADER | 00000nam a2200000Ia 4500 | ||
|---|---|---|---|
| 001 | 1158, 1347, 7624, 8390 | ||
| 008 | 160829s1981 - xx 000 0 cat d | ||
| 080 | |a C-1-6, C-1-7, C-1-8, C-1-9 | ||
| 110 | |a Catalunya. |b Direcció General de Transports |9 53473 | ||
| 245 | |a Memòria d'activitats generals i estadística : |b ... / Generalitat de Catalunya. Departament de Política Territorial i Obres Públiques. Direcció General de Transports | ||
| 260 | |a Barcelona : |b [la Direcció General], |c 1981 - | ||
| 300 | |a 30 cm | ||
| 650 | |a Catalunya. Direcció General de Transports | ||
| 866 | |a 1980, 1982, 1986, 1987 | ||
| 901 | |a Arxiu | ||
| 942 | |n 1 | ||
| 952 | |0 0 |1 0 |4 0 |6 C16_C17_C18_C19 |7 1 |9 45212 |a Arxiu |b Arxiu |d 2016-12-01 |l 0 |o C-1-6, C-1-7, C-1-8, C-1-9 |p 1158, 1347, 7624, 83 |r 2016-12-01 00:00:00 |w 2016-12-01 |y ARXIU | ||
| 999 | |c 48285 |d 48285 | ||